[Event "SR 3. liga A2 2012/2013"]
[Site "?"]
[Date "2012.11.04"]
[Round "3.4"]
[White "Klanica, Anton"]
[Black "Kalmar, Tamas"]
[Result "0-1"]
[WhiteElo "1853"]
[BlackElo "1920"]
[PlyCount "61"]
[EventDate "2012.??.??"]

1. e4 c6 2. d4 d5 3. exd5 cxd5 4. Nf3 Nf6 5. Bd3 Bg4 6. h3 Bxf3 7. Qxf3 e6 8.
O-O Bd6 9. c3 Nbd7 10. Bb5 a6 11. Bxd7+ Qxd7 12. Re1 O-O 13. Bf4 Rfc8 14. Bxd6
Qxd6 15. Nd2 Rc7 16. Qe3 Rac8 17. Re2 b5 18. a3 a5 19. Qg3 Qxg3 20. fxg3 b4 21.
axb4 axb4 22. cxb4 Rc2 23. Kf2 Rxb2 24. Rb1 Ne4+ 25. Rxe4 Rxd2+ 26. Re2 Rxd4
27. b5 Rdc4 28. b6 Rb8 29. Ra2 Rcc8 30. Ra7 g6 31. Ke3 0-1

[Event "SR 3. liga A2 2012/2013"]
[Site "?"]
[Date "2012.11.04"]
[Round "3.4"]
[White "Szitasi, Janos"]
[Black "Holicky, Miroslav"]
[Result "1/2-1/2"]
[WhiteElo "1963"]
[BlackElo "1750"]
[PlyCount "52"]
[EventDate "2012.??.??"]

1. e4 e5 2. Nf3 Nf6 3. Nxe5 d6 4. Nf3 Nxe4 5. d4 d5 6. Bd3 Be7 7. O-O O-O 8. c4
Bg4 9. Nc3 Nxc3 10. bxc3 dxc4 11. Bxc4 Nd7 12. h3 Bh5 13. Bf4 Nb6 14. Bb3 Nd5
15. Bd2 c6 16. g4 Bg6 17. Ne5 f6 18. Nxg6 hxg6 19. Qb1 f5 20. Bxd5+ Qxd5 21.
Qxb7 fxg4 22. Qxe7 gxh3 23. Qg5 Rf5 24. Qg3 Rf3 25. Qg5 Rf5 26. Qg3 Rf3 1/2-1/2

[Event "SR 3. liga A2 2012/2013"]
[Site "?"]
[Date "2012.11.04"]
[Round "3.4"]
[White "Jancik, Ondrej"]
[Black "Ollos, Ladislav"]
[Result "1/2-1/2"]
[WhiteElo "1701"]
[BlackElo "1823"]
[PlyCount "44"]
[EventDate "2012.??.??"]

1. e4 e6 2. d4 d5 3. exd5 exd5 4. Bd3 Bd6 5. Ne2 Nf6 6. Bf4 Nc6 7. c3 Bg4 8. f3
Bh5 9. O-O O-O 10. Bxd6 Qxd6 11. Nd2 Rfe8 12. Re1 Re7 13. Ng3 Rae8 14. Rxe7
Qxe7 15. Ndf1 Bg6 16. Bxg6 hxg6 17. Kf2 b5 18. Qd2 b4 19. Re1 Qxe1+ 20. Qxe1
Rxe1 21. Kxe1 Kf8 22. Kd2 Ke7 1/2-1/2

[Event "SR 3. liga A2 2012/2013"]
[Site "?"]
[Date "2012.11.04"]
[Round "3.5"]
[White "Abel, Peter"]
[Black "Pribila, Michal"]
[Result "1-0"]
[WhiteElo "2194"]
[BlackElo "2110"]
[PlyCount "69"]
[EventDate "2012.??.??"]

1. c4 Nf6 2. Nc3 e6 3. e4 Nc6 4. d4 Bb4 5. e5 Ne4 6. Qd3 d5 7. Nge2 f6 8. f3
Nxc3 9. bxc3 Be7 10. exf6 Bxf6 11. f4 Na5 12. cxd5 exd5 13. Ng3 O-O 14. Be2 Nc4
15. O-O c6 16. Qf3 Qe8 17. Bxc4 dxc4 18. Ba3 Rf7 19. Rae1 Qd8 20. Qe2 Bd7 21.
Qxc4 b5 22. Qb3 a5 23. Bc5 a4 24. Qc2 Bh4 25. Re5 Bxg3 26. hxg3 g6 27. a3 Bf5
28. Qe2 Qd7 29. Re1 Bg4 30. Qf2 Bf5 31. Qe2 Bg4 32. Qa2 Rd8 33. c4 Qb7 34. Re7
Rd7 35. cxb5 1-0

[Event "SR 3. liga A2 2012/2013"]
[Site "?"]
[Date "2012.11.04"]
[Round "3.5"]
[White "Pribila, Gerhard"]
[Black "Bincik, Pavol"]
[Result "1/2-1/2"]
[WhiteElo "2080"]
[BlackElo "1937"]
[PlyCount "59"]
[EventDate "2012.??.??"]

1. e4 c6 2. Nf3 d5 3. Nc3 d4 4. Ne2 c5 5. Ng3 Nc6 6. Bc4 e6 7. O-O Nf6 8. Re1
Be7 9. a3 a6 10. Bd3 e5 11. Bc4 b5 12. Ba2 O-O 13. d3 Qd6 14. Qe2 h6 15. Nh4
Nh7 16. Ngf5 Qf6 17. Bd5 Bd7 18. Ng6 Qxg6 19. Bxc6 Bxf5 20. Bxa8 Bh3 21. Qf3
Bg4 22. Qg3 Rxa8 23. Qxe5 Bh3 24. Qg3 Qxg3 25. hxg3 Be6 26. f4 Bg4 27. e5 Nf8
28. Rf1 g6 29. Bd2 c4 30. dxc4 1/2-1/2

[Event "SR 3. liga A2 2012/2013"]
[Site "?"]
[Date "2012.11.04"]
[Round "3.5"]
[White "Mihalik, Anton"]
[Black "Ambros, Rafael"]
[Result "1/2-1/2"]
[WhiteElo "1953"]
[BlackElo "1997"]
[PlyCount "138"]
[EventDate "2012.??.??"]

1. c4 Nf6 2. Nc3 g6 3. e4 d6 4. d4 Bg7 5. Nf3 O-O 6. Be2 c6 7. O-O Nbd7 8. h3
e5 9. Be3 Re8 10. Qc2 Qc7 11. Rac1 a5 12. Rfd1 b6 13. Nd2 Ba6 14. Nf1 Qb7 15.
Ng3 h5 16. Bd3 exd4 17. Bxd4 Ne5 18. b3 h4 19. Nf1 Nxd3 20. Qxd3 Rad8 21. Qf3
Nh5 22. Bxg7 Nxg7 23. Ne3 Nh5 24. Qg4 Nf6 25. Qxh4 Qe7 26. Ng4 Nxg4 27. Qxg4
Bc8 28. Qf4 Kg7 29. Rd3 Rd7 30. Rcd1 Red8 31. Na4 b5 32. cxb5 cxb5 33. Nb6 Rb7
34. Nxc8 Rxc8 35. Rxd6 a4 36. e5 axb3 37. axb3 b4 38. Qd4 Kg8 39. Rd8+ Rxd8 40.
Qxd8+ Qxd8 41. Rxd8+ Kg7 42. Rd4 Kf8 43. f4 Ke7 44. Kf2 Ke6 45. g4 g5 46. Rd6+
Ke7 47. fxg5 Rb5 48. Rd4 Rxe5 49. Rxb4 Rxg5 50. Kf3 Rc5 51. Re4+ Kf6 52. h4 Rc1
53. Rc4 Rh1 54. h5 Rh3+ 55. Kf4 Rxb3 56. g5+ Kg7 57. Kg4 Rb1 58. Rf4 Rg1+ 59.
Kf5 Ra1 60. h6+ Kg8 61. Rd4 Rf1+ 62. Ke5 Re1+ 63. Re4 Rg1 64. Kf6 Rf1+ 65. Ke7
Rf5 66. Rg4 Re5+ 67. Kf6 Re6+ 68. Kf5 Re1 69. Rf4 Ra1 1/2-1/2

[Event "SR 3. liga A2 2012/2013"]
[Site "?"]
[Date "2012.11.04"]
[Round "3.5"]
[White "Kocak, Branislav"]
[Black "Manak, Adrian"]
[Result "1/2-1/2"]
[WhiteElo "1891"]
[BlackElo "1949"]
[PlyCount "40"]
[EventDate "2012.??.??"]

1. d4 d5 2. c4 c6 3. Nf3 Nf6 4. e3 Bf5 5. Nc3 e6 6. cxd5 exd5 7. Bd3 Bxd3 8.
Qxd3 Bd6 9. O-O O-O 10. Re1 Nbd7 11. e4 dxe4 12. Nxe4 Nxe4 13. Rxe4 Nf6 14. Bg5
Be7 15. Re2 Nd5 16. Bxe7 Nxe7 17. Qb3 Qc7 18. Rc1 a6 19. d5 Rad8 20. dxc6 Nxc6
1/2-1/2

[Event "SR 3. liga A2 2012/2013"]
[Site "?"]
[Date "2012.11.04"]
[Round "3.5"]
[White "Nemsak, Denis"]
[Black "Brunovsky, Peter"]
[Result "1-0"]
[WhiteElo "1873"]
[BlackElo "1816"]
[PlyCount "51"]
[EventDate "2012.??.??"]

1. c4 Nf6 2. Nc3 g6 3. e4 d6 4. d4 Bg7 5. f4 O-O 6. Nf3 Na6 7. Bd3 c5 8. d5 Nc7
9. O-O Bd7 10. a4 a6 11. a5 Rb8 12. e5 Nfe8 13. Qe1 b5 14. axb6 Rxb6 15. Ng5 f6
16. Nxh7 Kxh7 17. Qh4+ Bh6 18. f5 g5 19. Qh5 Rg8 20. Rf3 dxe5 21. Rh3 Rg7 22.
Qxh6+ Kg8 23. Qh8+ Kf7 24. Be2 Bxf5 25. Bh5+ Bg6 26. Bxg6+ 1-0

[Event "SR 3. liga A2 2012/2013"]
[Site "?"]
[Date "2012.11.04"]
[Round "3.5"]
[White "Valla, Tomas"]
[Black "Slaby, Jozef"]
[Result "0-1"]
[WhiteElo "1813"]
[BlackElo "1890"]
[PlyCount "50"]
[EventDate "2012.??.??"]

1. e4 c6 2. d4 d5 3. f3 e6 4. Nc3 Nf6 5. Bg5 Be7 6. Qd3 a6 7. a3 h6 8. Bh4 Nfd7
9. Bxe7 Qxe7 10. Nge2 Nf6 11. Na4 Nbd7 12. b4 dxe4 13. fxe4 O-O 14. h3 b5 15.
Nc5 Nxc5 16. bxc5 e5 17. Ng3 exd4 18. Qxd4 Re8 19. Bd3 Qe5 20. c3 Qxg3+ 21. Kf1
Be6 22. Qd6 Qxd6 23. cxd6 Bc4 24. Bxc4 bxc4 25. Rd1 Rad8 0-1

[Event "SR 3. liga A2 2012/2013"]
[Site "?"]
[Date "2012.11.04"]
[Round "3.5"]
[White "Curidlo, Jan"]
[Black "Zajicek, Ferdinand"]
[Result "0-1"]
[WhiteElo "1880"]
[BlackElo "1830"]
[PlyCount "138"]
[EventDate "2012.??.??"]

1. e4 c5 2. Nf3 d6 3. d4 cxd4 4. Nxd4 Nc6 5. Nc3 Bd7 6. Be2 Nf6 7. O-O g6 8.
Be3 Bg7 9. f4 O-O 10. Kh1 Qc8 11. Bf3 Ng4 12. Bg1 Nf6 13. a3 Re8 14. Nce2 Bg4
15. Qd3 a6 16. c3 Qc7 17. Rac1 Rac8 18. h3 Bxf3 19. Nxf3 Na5 20. e5 dxe5 21.
fxe5 Nd7 22. Qd5 e6 23. Qe4 Nxe5 24. Bh2 Qc4 25. Ned4 Nxf3 26. Qxf3 f5 27. Bg1
Nb3 28. Rcd1 Nxd4 29. Bxd4 Bxd4 30. Rxd4 Qc6 31. Qd3 Qb6 32. b4 Rcd8 33. Rxd8
Rxd8 34. Qc4 Qc6 35. Qb3 Rd2 36. Rg1 b5 37. Kh2 Qd5 38. c4 Qxc4 39. Qxc4 bxc4
40. Rc1 Rd4 41. Rc3 Kf7 42. a4 Ke7 43. b5 axb5 44. axb5 Kd6 45. Rc1 Kc5 46. Rb1
Rd6 47. Kg3 e5 48. Kf3 g5 49. g4 e4+ 50. Ke3 fxg4 51. hxg4 Rb6 52. Kxe4 Rxb5
53. Rf1 Kb4 54. Kd4 Ka3 55. Kxc4 Rb4+ 56. Kc3 Rb3+ 57. Kc4 Rg3 58. Rf7 Rxg4+
59. Kc3 Rg3+ 60. Kd2 h5 61. Ke2 h4 62. Rb7 h3 63. Rh7 g4 64. Kf2 Rg2+ 65. Kf1
Kb3 66. Rc7 Rc2 67. Rh7 h2 68. Rh4 g3 69. Rh3 Kb2 0-1

[Event "SR 3. liga A2 2012/2013"]
[Site "?"]
[Date "2012.11.04"]
[Round "3.5"]
[White "Papanek, Lubomir"]
[Black "Sedlak, Rastislav"]
[Result "1-0"]
[WhiteElo "1590"]
[BlackElo "1592"]
[PlyCount "165"]
[EventDate "2012.??.??"]

1. d4 d5 2. c4 c6 3. Nf3 Bf5 4. e3 Nf6 5. Nc3 e6 6. Bd3 Bxd3 7. Qxd3 Bb4 8. Bd2
O-O 9. O-O Nbd7 10. Rfe1 Bxc3 11. Bxc3 Ne4 12. Nd2 Ndf6 13. f3 Nxd2 14. Bxd2
Re8 15. Rac1 e5 16. dxe5 Rxe5 17. Bc3 Re6 18. Rcd1 Qb6 19. Bd4 dxc4 20. Qxc4
Qc7 21. Bxf6 Rxf6 22. Qd4 h6 23. Rd3 Qa5 24. Red1 Qxa2 25. Ra3 Qe6 26. Rxa7
Rxa7 27. Qxa7 Qb3 28. Qd4 Re6 29. Qd8+ Kh7 30. Qd3+ Qxd3 31. Rxd3 Kg6 32. Kf2
f5 33. Rb3 b5 34. Rc3 Rd6 35. Ke2 Kf6 36. b4 g5 37. g3 Ke5 38. Rc5+ Ke6 39. h3
h5 40. g4 hxg4 41. hxg4 fxg4 42. fxg4 Kf6 43. Kf3 Re6 44. e4 Kg6 45. e5 Kf7 46.
Ke4 Kg6 47. Rc2 Kf7 48. Rf2+ Ke7 49. Kf5 Kd7 50. Rh2 Re7 51. Rd2+ Kc7 52. e6 c5
53. Kf6 Re8 54. Kf7 Rh8 55. e7 Rh7+ 56. Kf8 cxb4 57. e8=Q Rh8+ 58. Ke7 Rxe8+
59. Kxe8 Kc6 60. Ke7 Kc5 61. Ke6 Kc4 62. Kf5 b3 63. Kxg5 Kc3 64. Rf2 b2 65. Rf1
Kc2 66. Kf6 b1=Q 67. Rxb1 Kxb1 68. g5 b4 69. g6 b3 70. g7 b2 71. g8=Q Kc2 72.
Qc4+ Kd2 73. Qb3 Kc1 74. Qc3+ Kb1 75. Ke5 Ka2 76. Qc2 Ka1 77. Qa4+ Kb1 78. Kd4
Kc1 79. Qa3 Kc2 80. Qc3+ Kb1 81. Kc4 Ka2 82. Qa5+ Kb1 83. Kb3 1-0

[Event "SR 3. liga A2 2012/2013"]
[Site "?"]
[Date "2012.11.04"]
[Round "3.6"]
[White "Kovacocy, Pavel"]
[Black "Horak, Ivan"]
[Result "1-0"]
[WhiteElo "2221"]
[BlackElo "2094"]
[PlyCount "123"]
[EventDate "2012.??.??"]

1. c4 c5 2. g3 Nc6 3. Bg2 g6 4. e4 e6 5. Nc3 Bg7 6. Nge2 Nge7 7. a3 b6 8. O-O
O-O 9. Rb1 Bb7 10. d3 Nd4 11. Nxd4 cxd4 12. Ne2 d5 13. exd5 exd5 14. Nf4 Qd7
15. Qf3 Rad8 16. Re1 Ba8 17. cxd5 Nxd5 18. Nxd5 Bxd5 19. Qxd5 Qxd5 20. Bxd5
Rxd5 21. Bf4 Rd7 22. Rbc1 f6 23. Rc6 Kf7 24. Kf1 g5 25. Bd6 Rfd8 26. Bb4 a5 27.
Bd2 Rd6 28. Rec1 Bf8 29. g4 Rxc6 30. Rxc6 Rd6 31. Rc7+ Be7 32. f4 gxf4 33. Bxf4
Rd5 34. Ke2 b5 35. Kf3 b4 36. a4 Ke6 37. Ke4 Rd8 38. Rc6+ Kf7 39. Bc7 Rg8 40.
h3 h5 41. Kf3 hxg4+ 42. hxg4 Rg5 43. Bf4 Rd5 44. Ke4 Rd8 45. b3 Rg8 46. Kf3 Rd8
47. Bc7 Rd5 48. Bb6 f5 49. gxf5 Rxf5+ 50. Ke4 Rf1 51. Kxd4 Rf4+ 52. Kd5 Rf5+
53. Kc4 Rf4+ 54. d4 Rf3 55. Bxa5 Rc3+ 56. Kb5 Rxb3 57. Rc4 Ke6 58. Bxb4 Kd5 59.
a5 Bf6 60. a6 Rb2 61. a7 Ra2 62. Ba5 1-0

[Event "SR 3. liga A2 2012/2013"]
[Site "?"]
[Date "2012.11.04"]
[Round "3.6"]
[White "Sefcik, Marek"]
[Black "Cechovic, Stefan"]
[Result "1-0"]
[WhiteElo "2021"]
[BlackElo "2169"]
[PlyCount "163"]
[EventDate "2012.??.??"]

1. d4 Nf6 2. Nf3 e6 3. c3 b6 4. Bf4 Bb7 5. Nbd2 Be7 6. h3 O-O 7. e3 c5 8. Bd3
Nc6 9. Qc2 Rc8 10. a3 d5 11. O-O h6 12. Ne5 Bd6 13. Ndf3 Bxe5 14. Nxe5 c4 15.
Be2 b5 16. Nxc6 Bxc6 17. Be5 Nd7 18. Bd6 Re8 19. Rfd1 a5 20. Bf3 Nb6 21. Bg3
Qe7 22. Qd2 Ra8 23. Rdb1 Ra7 24. Qe1 Rea8 25. Bd1 Rb7 26. Bc2 Rc8 27. Qd2 Nd7
28. Kh2 Nf6 29. Be5 Nd7 30. Bg3 Nf6 31. Be5 Nd7 32. Bg3 Rf8 33. Kg1 Ra8 34. Qe1
Ra6 35. Qd2 Rab6 36. Qe1 Qf8 37. f3 Qe7 38. Bh4 Qf8 39. Bg3 Qe7 40. Qc1 Nf8 41.
e4 Ra7 42. Be1 Nd7 43. Bd2 Qh4 44. Qe1 Qxe1+ 45. Rxe1 Nb8 46. e5 Bd7 47. Kf2
Kf8 48. g4 Na6 49. b4 cxb3 50. Bxb3 Rab7 51. Reb1 Ke7 52. Bc2 Be8 53. Bd3 Nb8
54. Rb2 Bc6 55. Rab1 Nd7 56. f4 f6 57. Rf1 Rb8 58. Kg3 fxe5 59. fxe5 Rf8 60.
Rxf8 Kxf8 61. g5 hxg5 62. Kg4 Kg8 63. Kxg5 Rb7 64. Bc1 Nf8 65. h4 Nh7+ 66. Kg4
Nf8 67. Bg5 Kf7 68. Bd8 a4 69. Ba5 Kg8 70. Bb4 Be8 71. Rf2 Rf7 72. Rh2 Bc6 73.
h5 Nd7 74. Ba5 Nf8 75. Rb2 Rb7 76. Rf2 Rf7 77. Rxf7 Kxf7 78. Kg5 Be8 79. Bd8
Bc6 80. Bc2 Kg8 81. Bd3 Nd7 82. Kg6 1-0

[Event "SR 3. liga A2 2012/2013"]
[Site "?"]
[Date "2012.11.04"]
[Round "3.6"]
[White "Liptak, Tomas"]
[Black "Kovarik, Oto"]
[Result "1-0"]
[WhiteElo "2082"]
[BlackElo "1979"]
[PlyCount "63"]
[EventDate "2012.??.??"]

1. e4 c5 2. Nf3 e6 3. d4 cxd4 4. Nxd4 a6 5. c4 Nf6 6. f3 Nc6 7. Nc3 Qc7 8. Be3
Be7 9. Qd2 d6 10. Be2 Bd7 11. O-O O-O 12. f4 Nxd4 13. Qxd4 Rac8 14. f5 Rfe8 15.
g4 d5 16. cxd5 Bc5 17. Qxc5 Qxc5 18. Bxc5 Rxc5 19. g5 Nxe4 20. Nxe4 Rxd5 21.
Rad1 Bc6 22. Rxd5 Bxd5 23. Nc3 exf5 24. Nxd5 Rxe2 25. Rf2 Re5 26. Rd2 Kf8 27.
Kf2 h6 28. gxh6 gxh6 29. Kf3 Re4 30. Ne3 Ke8 31. Nxf5 Re6 32. Ng7+ 1-0

[Event "SR 3. liga A2 2012/2013"]
[Site "?"]
[Date "2012.11.04"]
[Round "3.6"]
[White "Chabada, Tomas"]
[Black "Liptak, Dusan"]
[Result "1-0"]
[WhiteElo "1941"]
[BlackElo "2060"]
[PlyCount "71"]
[EventDate "2012.??.??"]

1. e4 e6 2. d4 d5 3. e5 c5 4. c3 Qb6 5. Nf3 Nc6 6. Be2 Bd7 7. O-O f6 8. Na3
Nge7 9. exf6 gxf6 10. dxc5 Qxc5 11. Be3 Qa5 12. Nb5 Nf5 13. Nfd4 Ncxd4 14. Bh5+
Kd8 15. Nxd4 Nxd4 16. cxd4 Rc8 17. Qf3 Be7 18. a3 Rg8 19. Bh6 Be8 20. Rfe1 Qb6
21. Bxe8 Kxe8 22. Qh5+ Kd7 23. Qf7 Rg6 24. Qxh7 Rcg8 25. g3 Rg4 26. Qf7 Rc8 27.
h3 Rgg8 28. Re2 Qd6 29. Kg2 Rge8 30. Rae1 Rc6 31. Bf4 e5 32. dxe5 Qe6 33. Qg7
f5 34. Rd2 Kc8 35. Red1 Rd8 36. Qh7 {necitatelne oba partiare} 1-0

[Event "SR 3. liga A2 2012/2013"]
[Site "?"]
[Date "2012.11.04"]
[Round "3.6"]
[White "Sarmir, Milos"]
[Black "Husek, Lubomir"]
[Result "1-0"]
[WhiteElo "2067"]
[BlackElo "1809"]
[PlyCount "61"]
[EventDate "2012.??.??"]

1. e4 c5 2. Nf3 d6 3. d4 cxd4 4. Nxd4 Nf6 5. Bd3 Nc6 6. c3 a6 7. O-O e5 8. Nxc6
bxc6 9. c4 Be7 10. Nc3 O-O 11. Kh1 Be6 12. Qe2 a5 13. h3 Nd7 14. Be3 f5 15. f4
exf4 16. exf5 Bxf5 17. Bxf5 Rxf5 18. Bxf4 Qf8 19. Qe6+ Kh8 20. Qxd7 g5 21. Be5+
dxe5 22. Rxf5 Qg7 23. Raf1 Rf8 24. Rxf8+ Bxf8 25. Qe8 Kg8 26. Qe6+ Kh8 27. Rf7
Qg8 28. Qf5 Bg7 29. Ne4 Qe8 30. Rd7 Qc8 31. Nf6 1-0

[Event "SR 3. liga A2 2012/2013"]
[Site "?"]
[Date "2012.11.04"]
[Round "3.6"]
[White "Hrubos, Milan"]
[Black "Vagovsky, Jozef"]
[Result "1/2-1/2"]
[WhiteElo "1786"]
[BlackElo "1971"]
[PlyCount "45"]
[EventDate "2012.??.??"]

1. e4 e6 2. d4 d5 3. Nc3 dxe4 4. Nxe4 Be7 5. c4 Nd7 6. Ne2 Ngf6 7. N2c3 Nxe4 8.
Nxe4 b6 9. Bd3 Bb7 10. O-O O-O 11. Qc2 h6 12. b3 Nf6 13. Bb2 Nxe4 14. Bxe4 Bxe4
15. Qxe4 Qd6 16. Rfd1 Bf6 17. Bc1 Rad8 18. d5 Rfe8 19. Qg4 Kh7 20. dxe6 Qxe6
21. Qxe6 Rxe6 22. Rxd8 Bxd8 23. Be3 1/2-1/2

[Event "SR 3. liga A2 2012/2013"]
[Site "?"]
[Date "2012.11.04"]
[Round "3.6"]
[White "Vlkovic, Pavol"]
[Black "Holly, Milan"]
[Result "0-1"]
[WhiteElo "1801"]
[BlackElo "1837"]
[PlyCount "66"]
[EventDate "2012.??.??"]

1. e4 b6 2. g3 Bb7 3. Bg2 e6 4. Qe2 Nf6 5. d3 Be7 6. Nf3 O-O 7. O-O c5 8. c3 d5
9. Re1 dxe4 10. dxe4 Bxe4 11. Bg5 Bb7 12. Bxf6 Bxf6 13. Nbd2 Nc6 14. Ne4 Be7
15. h4 h6 16. Nh2 Qc7 17. Rad1 Rad8 18. Rxd8 Rxd8 19. f4 Qd7 20. Qh5 Qd3 21.
Bf1 Qc2 22. Re2 Qd1 23. g4 Ba6 24. Rg2 Bxf1 25. Nxf1 Rd5 26. Nf2 Qf3 27. Rg3
Qxf4 28. g5 hxg5 29. Rf3 g6 30. Qg4 Qxg4+ 31. Nxg4 Ne5 32. Nxe5 Rxe5 33. Ne3
gxh4 0-1

[Event "SR 3. liga A2 2012/2013"]
[Site "?"]
[Date "2012.11.04"]
[Round "3.6"]
[White "Klimes, Karel"]
[Black "Hornak, Pavol"]
[Result "1-0"]
[WhiteElo "1724"]
[BlackElo "1753"]
[PlyCount "105"]
[EventDate "2012.??.??"]

1. e4 c5 2. Nf3 a6 3. a4 Nc6 4. Bc4 e6 5. Nc3 Qc7 6. d3 Be7 7. O-O Nf6 8. Bg5
O-O 9. Qd2 Nd4 10. Nxd4 cxd4 11. Ne2 e5 12. c3 h6 13. Bxf6 Bxf6 14. cxd4 exd4
15. Rfc1 Qd8 16. Bd5 Rb8 17. Qb4 d6 18. Nxd4 Bxd4 19. Qxd4 Be6 20. b4 Qe7 21.
Rc4 Rfc8 22. Rac1 Rxc4 23. Rxc4 b5 24. axb5 axb5 25. Rc6 Qg5 26. Bxe6 fxe6 27.
Qxd6 Re8 28. h3 Qd2 29. Rc7 Qe1+ 30. Kh2 Qxf2 31. Qe5 Qf8 32. Kg1 Kh8 33. Qxb5
Ra8 34. Qe5 Ra2 35. Kh2 Rf2 36. Qg3 Rf6 37. b5 Kh7 38. Rc2 Rg6 39. Qc7 Qf6 40.
b6 e5 41. Qc5 Qxb6 42. Qxe5 Qd8 43. Rd2 Qb6 44. d4 Re6 45. Qf5+ Rg6 46. d5 Qb3
47. g4 Qc3 48. Rf2 Qc7+ 49. e5 Qc5 50. d6 Qe3 51. d7 Qc3 52. d8=Q Qxh3+ 53.
Kxh3 1-0

[Event "SR 3. liga A2 2012/2013"]
[Site "?"]
[Date "2012.11.18"]
[Round "4.1"]
[White "Jozefek, Michal"]
[Black "Horak, Ivan"]
[Result "1-0"]
[WhiteElo "2060"]
[BlackElo "2094"]
[PlyCount "66"]
[EventDate "2012.??.??"]

1. d4 Nf6 2. c4 c5 3. d5 b5 4. cxb5 a6 5. Nc3 axb5 6. e4 b4 7. Nb5 d6 8. Bf4
Nbd7 9. Bd3 g6 10. Nf3 Nh5 11. Bg5 Qb6 12. Qe2 Bg7 13. O-O h6 14. Bh4 Nf4 15.
Qd2 Nxd3 16. Qxd3 Ba6 17. a4 Bxb2 18. Rad1 Bxb5 19. axb5 Ne5 20. Nxe5 Bxe5 21.
Kh1 Ra3 22. Qe2 Bf6 23. Bxf6 exf6 24. Qb2 Ke7 25. f4 Rha8 26. e5 Rc3 27. Qf2
dxe5 28. fxe5 Kf8 29. d6 Qd8 30. Qd2 fxe5 31. Qd5 Ra7 32. d7 f5 33. b6 Rxd7 1-0

[Event "SR 3. liga A2 2012/2013"]
[Site "?"]
[Date "2012.11.18"]
[Round "4.1"]
[White "Sefcik, Marek"]
[Black "Hecko, Dusan"]
[Result "0-1"]
[WhiteElo "2021"]
[BlackElo "2073"]
[PlyCount "106"]
[EventDate "2012.??.??"]

1. e4 d5 2. exd5 Qxd5 3. d4 Nf6 4. Nf3 Bg4 5. Be2 e6 6. O-O Be7 7. c4 Qd6 8. h3
Bh5 9. Be3 Nc6 10. a3 O-O 11. Nbd2 Rfd8 12. b4 a6 13. Qc2 Bf8 14. Rfd1 Nb8 15.
Nf1 c6 16. Ng3 Bg6 17. Bd3 Bxd3 18. Rxd3 Nbd7 19. Rad1 b5 20. Nd2 Rdc8 21. Nge4
Qc7 22. Nxf6+ Nxf6 23. Rc3 Qd7 24. Nb3 Bd6 25. Qe2 Qe8 26. Rdc1 e5 27. Bg5 exd4
28. Qxe8+ Rxe8 29. R3c2 d3 30. Ra2 Ne4 31. Be3 f5 32. c5 Be5 33. Bd2 Rad8 34.
Rd1 Bc3 35. Kf1 Bxd2 36. Rdxd2 Nxd2+ 37. Rxd2 Rd5 38. Nc1 Red8 39. f4 Rd4 40.
g3 Rc4 41. Nxd3 Rc3 42. Ke2 Rxa3 43. g4 fxg4 44. hxg4 Rb3 45. Ke3 g6 46. Ke4
Kg7 47. g5 Ra3 48. Rd1 a5 49. bxa5 Rxa5 50. Rb1 Ra4+ 51. Rb4 Rxd3 52. Rxa4 bxa4
53. Kxd3 Kf7 0-1

[Event "SR 3. liga A2 2012/2013"]
[Site "?"]
[Date "2012.11.18"]
[Round "4.1"]
[White "Diviak, Rastislav"]
[Black "Kovarik, Oto"]
[Result "1/2-1/2"]
[WhiteElo "2017"]
[BlackElo "1979"]
[PlyCount "33"]
[EventDate "2012.??.??"]

1. e4 c5 2. Nf3 e6 3. d4 cxd4 4. Nxd4 a6 5. Bd3 Nc6 6. Be3 Nxd4 7. Bxd4 d6 8.
O-O e5 9. Be3 Nf6 10. Nc3 Be7 11. f4 Ng4 12. Qf3 Nxe3 13. Qxe3 exf4 14. Qxf4
Be6 15. Nd5 Bg5 16. Qf3 O-O 17. Kh1 1/2-1/2

[Event "SR 3. liga A2 2012/2013"]
[Site "?"]
[Date "2012.11.18"]
[Round "4.1"]
[White "Chabada, Tomas"]
[Black "Pericka, Tomas"]
[Result "1-0"]
[WhiteElo "1941"]
[BlackElo "2029"]
[PlyCount "63"]
[EventDate "2012.??.??"]

1. e4 c5 2. Nf3 Nc6 3. d4 cxd4 4. Nxd4 g6 5. Nc3 Bg7 6. Be3 Nf6 7. f3 Qa5 8.
Nb3 Qc7 9. Qd2 d6 10. O-O-O Be6 11. Nd5 Qb8 12. Bh6 O-O 13. Bxg7 Kxg7 14. h4 a5
15. h5 Bxd5 16. exd5 Nb4 17. hxg6 fxg6 18. Qh6+ Kf7 19. a3 Na6 20. g4 Rh8 21.
g5 Nh5 22. Rxh5 gxh5 23. Qxh5+ Kf8 24. Bh3 Nc7 25. Rg1 Rg8 26. Qxh7 Rg7 27.
Qh8+ Rg8 28. Qh6+ Rg7 29. g6 Kg8 30. Be6+ Nxe6 31. dxe6 Qe8 32. Rh1 1-0

[Event "SR 3. liga A2 2012/2013"]
[Site "?"]
[Date "2012.11.18"]
[Round "4.1"]
[White "Nemeckay, Rastislav"]
[Black "Holiencin, Filip"]
[Result "1-0"]
[WhiteElo "1980"]
[BlackElo "1680"]
[PlyCount "81"]
[EventDate "2012.??.??"]

1. e4 c5 2. Nf3 d6 3. g3 Nc6 4. Bg2 Nf6 5. Qe2 Bg4 6. c3 e5 7. O-O Qd7 8. Re1
h5 9. h4 Nh7 10. d3 f6 11. Qf1 Be7 12. Nh2 Be6 13. f4 g6 14. Nf3 Rg8 15. d4
cxd4 16. cxd4 exd4 17. a3 a5 18. Qd3 d5 19. e5 Bf5 20. Qd1 Bg4 21. Qd3 Bf5 22.
Qd2 Bc5 23. Kh2 Kf8 24. b3 b5 25. Bb2 Qa7 26. Rd1 fxe5 27. fxe5 Qg7 28. Nxd4
Bxd4 29. Bxd4 Be6 30. Bc5+ Ne7 31. Bxd5 Qxe5 32. Nc3 Rd8 33. Qf2+ Nf6 34. Bd4
Ke8 35. Bxe5 Ng4+ 36. Kg2 Nxf2 37. Bxe6 Nxd1 38. Rxd1 Rxd1 39. Nxd1 Rf8 40. Bg7
Nf5 41. Bxf8 1-0

[Event "SR 3. liga A2 2012/2013"]
[Site "?"]
[Date "2012.11.18"]
[Round "4.1"]
[White "Hrubos, Milan"]
[Black "Skapik, Branislav"]
[Result "1/2-1/2"]
[WhiteElo "1786"]
[BlackElo "1857"]
[PlyCount "112"]
[EventDate "2012.??.??"]

1. e4 d5 2. exd5 Nf6 3. d4 Nxd5 4. c4 Nb4 5. a3 N4c6 6. Be3 Bf5 7. Nc3 e6 8. g4
Bg6 9. h4 h6 10. h5 Bh7 11. Bd3 Bxd3 12. Qxd3 Be7 13. O-O-O Nd7 14. Nf3 Nf6 15.
Rhg1 Nd7 16. g5 hxg5 17. Bxg5 Rxh5 18. Bxe7 Qxe7 19. Rxg7 O-O-O 20. Rdg1 Nde5
21. Nxe5 Rxe5 22. Nd5 Rexd5 23. cxd5 Rxd5 24. Rg8+ Kd7 25. R8g4 Ne5 26. Qe3
Nxg4 27. Rxg4 c5 28. Qb3 Kc7 29. Qc3 e5 30. Qa5+ Kd6 31. Qxa7 Qc7 32. dxe5+
Rxe5 33. Rg1 Ke7 34. Qa4 Qd6 35. Rd1 Qe6 36. Qa8 Qb6 37. Qc8 Kf6 38. f4 Re6 39.
Qg8 Ke7 40. f5 Re2 41. Qg5+ Ke8 42. Qg8+ Ke7 43. Qg7 Re4 44. Qg5+ Ke8 45. f6
Rd4 46. Qg8+ Kd7 47. Qxf7+ Kc8 48. Qe8+ Kc7 49. Qe7+ Kc8 50. Rxd4 cxd4 51. b4
Kb8 52. f7 Qh6+ 53. Kc2 Qg6+ 54. Kb3 Qd3+ 55. Ka4 Qa6+ 56. Kb3 Qd3+ 1/2-1/2

[Event "SR 3. liga A2 2012/2013"]
[Site "?"]
[Date "2012.11.18"]
[Round "4.1"]
[White "Ocko, Martin"]
[Black "Holly, Milan"]
[Result "1-0"]
[WhiteElo "1661"]
[BlackElo "1837"]
[PlyCount "61"]
[EventDate "2012.??.??"]

1. d4 e6 2. c4 b6 3. Nc3 Bb7 4. e4 Bb4 5. Bd3 Nf6 6. f3 Bxc3+ 7. bxc3 O-O 8.
Ne2 d5 9. cxd5 exd5 10. e5 Nfd7 11. O-O c5 12. Qc2 g6 13. Bh6 Re8 14. Ng3 Nc6
15. Be3 Rc8 16. Qf2 Qe7 17. f4 cxd4 18. Bxd4 Qa3 19. Bb5 Ndb8 20. f5 Rf8 21.
Qd2 Nxd4 22. cxd4 Rfd8 23. Rf3 Qe7 24. Raf1 a6 25. f6 Qf8 26. Bd3 Nc6 27. Qe3
Nb4 28. e6 fxe6 29. f7+ Kh8 30. Qe5+ Qg7 31. f8=Q+ 1-0

[Event "SR 3. liga A2 2012/2013"]
[Site "?"]
[Date "2012.11.18"]
[Round "4.1"]
[White "Klimes, Karel"]
[Black "Pipiska, Adam"]
[Result "0-1"]
[WhiteElo "1724"]
[BlackElo "1674"]
[PlyCount "92"]
[EventDate "2012.??.??"]

1. e4 e5 2. Nf3 Nc6 3. Bc4 Nf6 4. d3 Bc5 5. c3 O-O 6. Bg5 d6 7. O-O Be6 8. Nbd2
Qe7 9. a3 a6 10. Qe2 Rad8 11. b4 Bb6 12. a4 d5 13. exd5 Bxd5 14. Bxd5 Rxd5 15.
Ne4 Rfd8 16. Rad1 Qe6 17. Nxf6+ gxf6 18. Be3 Qd6 19. Bxb6 cxb6 20. Ne1 Ne7 21.
f3 Ng6 22. g3 Qc6 23. Qc2 f5 24. Rf2 e4 25. fxe4 fxe4 26. d4 R5d7 27. Ng2 Rc7
28. Rc1 Qe8 29. Qe2 Rxd4 30. Qe3 Rd6 31. h4 Qe5 32. h5 Qxh5 33. Qxe4 Rd1+ 34.
Rxd1 Qxd1+ 35. Rf1 Qxa4 36. Qd4 Qd7 37. Qxb6 Rxc3 38. Ne3 Rc6 39. Qa5 Qd4 40.
Qg5 Re6 41. Rf3 h6 42. Qxh6 Ne5 43. Rf6 Rxf6 44. Qxf6 Qxe3+ 45. Kg2 Qe4+ 46.
Kf1 Qf3+ 0-1

[Event "SR 3. liga A2 2012/2013"]
[Site "?"]
[Date "2012.11.18"]
[Round "4.2"]
[White "Pribila, Gerhard"]
[Black "Kovacocy, Pavel"]
[Result "1/2-1/2"]
[WhiteElo "2080"]
[BlackElo "2221"]
[PlyCount "23"]
[EventDate "2012.??.??"]

1. e4 g6 2. d4 Bg7 3. Nc3 c5 4. Nf3 cxd4 5. Nxd4 Nc6 6. Be3 Nf6 7. Bc4 O-O 8.
O-O Ne5 9. Be2 d5 10. exd5 Nxd5 11. Nxd5 Qxd5 12. Nb5 1/2-1/2